Návrh automatického zariadenia na odstraňovanie snehu z nákladných automobilov

Saved in:
Bibliographic Details
Main Author: Mayer, Alex (Author)
Other Authors: Čačková, Iveta (Thesis advisor)
Format: Manuscript Book
Language:Slovak
Published: 2024
Subjects:
Online Access:http://is.stuba.sk/zp/portal_zp.pl?podrobnosti=169371
Tags: Add Tag
No Tags, Be the first to tag this record!

MARC

LEADER 00000ntm a22000003a 4500
001 stuzp99940
003 SK-STU
005 20241106084420.0
007 ta
008 150427s2015----xo-----f-mn---000-0-slo-d
040 |a STU  |b slo 
041 0 |a slo 
100 1 |a Mayer, Alex  |u 020070  |4 aut  |U SjF Strojnícka fakulta  |T SjF Ústav výrobného inžinierstva a kvality produkcie  |X 116582  |U J0070  |Y 804  |7 116582 
242 0 1 |a Design of an automatic device for removing snow from trucks  |y eng 
245 1 0 |a Návrh automatického zariadenia na odstraňovanie snehu z nákladných automobilov 
260 |c 2024 
650 4 |a nákladné vozidlo  |2 slo 
650 4 |a ľad  |2 slo 
650 4 |a sneh  |2 slo 
650 4 |a automatické zariadenie  |2 slo 
650 4 |a ice  |2 eng 
650 4 |a snow  |2 eng 
650 4 |a truck  |2 eng 
650 4 |a automatic equipment  |2 eng 
700 1 |a Čačková, Iveta  |u 020070  |k Z1  |4 ths  |U SjF Strojnícka fakulta  |T SjF Ústav výrobného inžinierstva a kvality produkcie  |X 46392  |U J0070  |Y 804  |7 A000046392 
856 4 |u http://is.stuba.sk/zp/portal_zp.pl?podrobnosti=169371 
996 |b 284J047619  |c J* 3714/DBP  |l JJSK  |s A  |a 24  |w stuzp99940_0001